000 00491nam a2200157Ia 4500
008 240729s9999 xx 000 0 und d
022 _a2541-5875
245 0 _aAnimal Production: Indonesian Journal of Animal Production
260 _aIndonesia
260 _bUniversitas Jenderal Soedirman (UNSOED), Faculty of Animal Science
650 _a Animal culture
650 _aAgriculture
856 _uhttps://doaj.org/toc/1617c71530564b4f9972cea152c67fef
942 _2ddc
942 _cDOAJEJ
999 _c73552
_d73552
945 _a1
_bMadushi Gamage
_c1
_dMadushi Gamage